Mấy vấn đề triết học văn hóa

שמור ב:
מידע ביבליוגרפי
מחבר ראשי: NGUYỄN HUY HOÀNG
פורמט: ספר
שפה:Undetermined
יצא לאור: Hà Nội VHTT 2002
נושאים:
תגים: הוספת תג
אין תגיות, היה/י הראשונ/ה לתייג את הרשומה!
Thư viện lưu trữ: Trung tâm Học liệu Trường Đại học Cần Thơ
LEADER 00479nam a2200169Ia 4500
001 CTU_49127
008 210402s9999 xx 000 0 und d
082 |a 109 
082 |b H407 
100 |a NGUYỄN HUY HOÀNG 
245 0 |a Mấy vấn đề triết học văn hóa 
245 0 |c NGUYỄN HUY HOÀNG 
260 |a Hà Nội 
260 |b VHTT 
260 |c 2002 
650 |a philosophy - history 
980 |a Trung tâm Học liệu Trường Đại học Cần Thơ